NBA Starters 2016-2017 - Statistics

General Stats
  • This quiz has been taken 2,857 times
    1,832 since last reset
  • The average score is 84 of 150
Answer Stats
Hint Answer % Correct
Warriors Klay Thompson
94%
Cavaliers LeBron James
94%
Cavaliers Tristan Thompson
94%
Cavs Kyrie Irving
93%
Warriors Stephen Curry
93%
Spurs Danny Green
92%
Warriors Draymond Green
92%
Warriors Kevin Durant
91%
Cavaliers Kevin Love
90%
Wizards John Wall
89%
Cavaliers J.R Smith
89%
Wizards Bradley Beal
86%
Thunder Russell Westbrook
86%
Clippers Chris Paul
84%
Celtics Isaiah Thomas
84%
Rockets James Harden
84%
Timberwolves Karl Anthony-Towns
84%
Raptors Kyle Lowry
83%
Pelicans Anthony Davis
82%
Bulls Dwayne Wade
82%
Raptors DeMar Derozan
81%
Bulls Jimmy Butler
81%
Pacers Paul George
81%
Clippers Blake Griffin
80%
Nets Brook Lopez
80%
Pelicans DeMarcus Cousins
80%
Bulls Robin Lopez
80%
Celtics Al Horford
79%
Bucks Giannis Antetokounmpo
79%
Trail Blazers Damian Lillard
78%
Clippers DeAndre Jordan
78%
Grizzlies Marc Gasol
78%
Spurs Pau Gasol
78%
Thunder Steven Adams
78%
Knicks Carmelo Anthony
77%
Spurs Kawhi Leonard
76%
Hornets Kemba Walker
76%
Timberwolves Andrew Wiggins
75%
Spurs Tony Parker
75%
Trail Blazers Al-Farouq Aminu
74%
Lakers D'Angelo Russell
74%
Suns Devin Booker
74%
Mavs Dirk Nowitzki
74%
Nets Trevor Booker
74%
Jazz Rudy Gobert
73%
Grizzlies Mike Conley
71%
Warrirors Zaza Pachulia
71%
Wizards Marcin Gortat
70%
Nuggets Nikola Jokic
70%
Pistons Andre Drummond
69%
Knicks Derrick Rose
69%
Hawks Dwight Howard
69%
Jazz Gordon Hayward
69%
Pelicans Jrue Holiday
69%
Heat Hassan Whiteside
68%
Hawks Paul Millsap
67%
Nets Jeremy Lin
66%
Bucks Khris Middleton
66%
Bulls Rajan Rondo
66%
Magic Aaron Gordon
65%
Celtics Avery Bradley
65%
Trail Blazers C.J McCollum
65%
Heat Goran Dragic
65%
Knicks Kristaps Porzingis
65%
Rockets Clint Capela
64%
Spurs LaMarcus Aldridge
64%
Timberwolves Ricky Rubio
64%
Thunder Victor Oladipo
64%
Hornets Marvin Williams
63%
Raptors Serge Ibaka
63%
Suns Eric Bledsoe
62%
Wizards Otto Porter Jr.
62%
Celtics Amir Johnson
61%
Celtics Jae Crowder
61%
Pacers Jeff Teague
61%
Clippers Wesley Johnson
61%
Trail Blazers Evan Turner
60%
Pacers Myles Turner
60%
Pistons Reggie Jackson
59%
Mavs Harrison Barnes
57%
Lakers Julius Randle
57%
Pistons Marcus Morris
57%
Wizards Markieff Morris
57%
Nuggets Gary Harris
56%
Clippers J.J Redick
56%
Pistons Tobais Harris
56%
Jazz George Hill
55%
Pelicans Soloman Hill
55%
Knicks Courtney Lee
53%
Rockets Trevor Ariza
53%
Magic Nikola Vucevic
52%
Pacers Thaddeus Young
52%
Trail Blazers Jusuf Nurkic
50%
Grizzlies Zach Randolph
50%
Hawks Dennis Schroder
49%
Thunder Andre Roberson
48%
Raptors Jonas Valanciunas
48%
76ers Jahlil Okafor
47%
Suns Tyson Chandler
47%
Rockets Patrick Beverley
46%
Jazz Derrick Favors
44%
Hornets Nicholas Batum
43%
76ers Robert Covington
43%
Mavs Nerlens Noel
42%
Rockets Ryan Anderson
42%
Grizzlies Tony Allen
42%
Lakers Jordan Clarkson
41%
Thunder Taj Gibson
40%
Grizzlies Vince Carter
40%
76ers Dario Saric
39%
Raptors DeMarre Carroll
39%
Magic Elfrid Payton
39%
Magic Evan Fournier
39%
Heat Dion Waiters
37%
Pistons Kentavious Kaldwell-Pope
37%
Lakers Luol Deng
37%
Nets Rondae Hollis-Jefferson
37%
Hornets Cody Zeller
36%
Bucks Matthew Dellavedova
36%
Suns Marquese Chriss
35%
Hawks Kent Bazemore
34%
Bulls Nikola Mirotic
33%
Lakers Timofey Mozgov
33%
Nuggets Danilo Gallinari
32%
Nuggets Kenneth Faried
31%
Pacers Monte Ellis
30%
Hawks Tim Hardaway Jr.
30%
Nuggets Emmanuel Mudiay
29%
Mavs Wesley Matthews
29%
Kings Darren Collison
28%
Bucks Thon Maker
28%
Jazz Joe Ingles
26%
Timberwolves Gorgui Dieng
25%
Magic Terrance Ross
24%
Kings Tyreke Evans
24%
Suns TJ Warren
23%
76ers TJ McConnell
21%
Bucks Tony Snell
20%
Pelicans E'Twaun Moore
19%
Hornets Michael Kidd-Gilchrist
19%
Kings Ben McLemore
18%
76ers Gerald Henderson
14%
Mavs Yogi Ferrell
14%
Knicks Willy Hernangomez
13%
Kings Kosta Koufos
12%
Nets Randy Foye
6%
Kings Anthony Tolliver
4%
Timberwolves Brandon Rush
4%
Heat Luke Babbitt
4%
Heat Rodney McGruder
4%
No matching quizzes found
Score Distribution
Percent of People with Each Score
Percentile by Number Answered
Your Score History
You have not taken this quiz since the last reset